000 03417nam a22003377a 4500
001 TIC 0024
003 gtcocun
005 20250922195741.0
006 a||||gr|||| 00| 0
007 ta
008 250922b2023 gt ||||| m||| 00| 0 eng d
040 _agtcocun
_bSPA
_cgtcocun
_eRDA
041 _aSPA TIC 0024
084 _0TIC 0024
100 _aSierra Leal, July Magnolia
_eAutor
245 _aINFORME FINAL DE EJERCICIO PROFESIONAL SUPERVISADO, DISEÑO DE EDIFICIO MUNICIPAL PARA BIBLIOTECA EN SAN JUAN CHAMELCO, ALTA VERAPAZ, DISEÑO DE MEJORAMIENTO Y AMPLIACIÓN DE CAMINO RURAL CASERÍO SAQUIHÁ, SAN JUAN CHAMELCO, ALTA VERAPAZ./
_cJuly Magnolia Sierra Leal.
_hImpreso
264 _aCobán, Alta Verapaz:
_bUniversidad de San Carlos de Guatemala, Centro Universitario del Norte, Ingeniería Civil
_c2023
300 _a223 p.:
_bIlustraciones, gráficas.
_c28 cm;
300 _cPDF
336 _2rdacontenido
_aTexto
_btxt
337 _2rdamedio
_aComputadora
_bn
338 _2rdasoporte
_aCódigo en línea
_bcr
502 _eTIC 0024
502 _aTesis de grado
_bIngeniería Civil,
_cUniversidad de San Carlos de Guatemala, Centro Universitario del Norte, Ingeniería Civil
_d2023
_oTIC 0024
520 1 4 _aEl Ejercicio Profesional Supervisado se realizó como parte del pensum de estudios de la carrera de ingeniería civil del Centro Universitario del Norte en coordinación con el Programa de Ejercicio Profesional Supervisado Multidisciplinario EPSUM en la Municipalidad del municipio de San Juan Chamelco del departamento de Alta Verapaz. Durante este proceso se desarrolló la investigación diagnostica del municipio de San Juan Chamelco, que para ello se enfocó principalmente en la infraestructura y urbanización, se jerarquizaron situaciones encontradas, posteriormente se definieron las más relevantes para poder intervenir. De esa cuenta, se consideró el diseño como también el cálculo de un edificio y una carretera para la comunidad Saquihá. Para hacer un trabajo debidamente organizado, se procedió a elaborar el plan de trabajo, en el que se enlistaron actividades a realizar para los dos proyectos designados los cuales fueron: Diseño de Edificio Municipal para Biblioteca en San Juan Chamelco, Alta Verapaz y el Diseño de Mejoramiento y Ampliación de Camino Rural en el Caserío Saquihá, San Juan Chamelco, Alta Verapaz. Adicionalmente como actividades de EPSUM se elaboró un juego de planos para un diseño de cocina escolar en las comunidades involucradas, así mismo se apoyó en dar acompañamiento en talleres relacionados a la Seguridad Alimentaria y Nutrición. En la etapa de ejecución se realizaron actividades como levantamiento topográfico en cada proyecto, extracción de muestras de suelo para sus respectivos análisis, interpretación de resultados de laboratorio de suelo, cálculos correspondientes a cada proyecto, así también se elaboraron planos, presupuesto general, presupuesto por renglones y especificaciones técnicas.
650 1 4 _2LEMB
_aSan Juan Chamelco, Alta Verapaz.
_xIngeniería
_xEstructura
_xInfraestructura
_xEjecución
_xPresupuesto
_xPlanos
700 _aIng. Civil. Marlon Alexander Morán Castro
_eAsesor
856 _uhttps://drive.google.com/file/d/1BZrjzIRZwrc2buiaorA2Ql_gPYKomdj1/view
_yPDF
_zUn ejemplar en línea.
942 _2ddc
_cTES
_iTIC 0024
_kClasificación
_n0
_6TIC_0024_000000000000000
999 _c2065
_d2065